000
00299nam a22001337a 4500
008
210225b ||||| |||| 00| 0 eng d
041
_a
eng
080
_2
2nd
_a
311
082
_a
311
100
_a
55
101
_a
STA
245
_a
Bussines Statistics
_c
Sharpe, De Vaux, Velleman
942
_2
udc
_c
BK
999
_c
55209
_d
55209